000
00236nam a22000857a 4500
008
160712b xxu||||| |||| 00| 0 eng d
100
_9
2706
_a
Shreelatha A.P
245
_a
Secondary Physics for us-IX
260
_a
New Delhi
_b
APC Publication
_c
2006
999
_c
2349
_d
2349